[Event "Match"]
[Site "www.echecsemail.com"]
[Date "2017.04.11"]
[Round "1"]
[White "Stevefillion"]
[Black "Coolant"]
[WhiteElo "2400"]
[BlackElo "2240"]
[Result "1-0"]
[Round "1"]
1.d4 Ng8f6
2.Ng1f3 b6
3.Bc1g5 Bc8b7
4.c4 Nf6e4
5.Bg5h4 h6
6.Nf3d2 g5
7.Nd2xe4 Bb7xe4
8.Nb1c3 Be4g6
9.Bh4g3 Bf8g7
10.e3 O-O
11.h4 c5
12.hxg5 hxg5
13.d5 d6
14.Bf1d3 f5
15.Qd1c2 Nb8a6
16.a3 Qd8d7
17.f4 g4
18.e4 Na6c7
19.O-O-O a6
20.exf5 Bg6xf5
21.Rh1h5 e6
22.dxe6 Bf5xd3
23.Qc2xd3 Nc7xe6
24.Qd3h7 Kf7
25.f5 Ne6d4
26.Rh5g5 Rf8g8
27.Rd1e1 Ra8e8
28.Qh7g6 { resign }
1-0

[Event "Match"]
[Site "www.echecsemail.com"]
[Date "2017.04.11"]
[Round "1"]
[White "Coraza"]
[Black "Pellix84"]
[WhiteElo "1760"]
[BlackElo "2080"]
[Result "0-1"]
[Round "1"]
1.c4 Ng8f6
2.d4 c5
3.Ng1f3 b6
4.Bc1g5 Bc8b7
5.Bg5xf6 exf6
6.d5 d6
7.Qd1a4 Qd8d7
8.Qa4c2 b5
9.Nb1d2 bxc4
10.Nd2xc4 Bb7xd5
11.Nc4e3 Bd5e6
12.Qc2e4 Nb8c6
13.g3 Ra8b8
14.b3 Bf8e7
15.Bf1g2 O-O
16.O-O Nc6e5
17.Ra1d1 a5
18.Rd1c1 a4
19.Rf1d1 axb3
20.axb3 Rb8xb3
21.Rc1a1 Rb3b4
22.Qe4c2 Be6b3
23.Nf3xe5 fxe5
24.Qc2d2 Rb4d4
25.Qd2e1 Bb3xd1
26.Ra1xd1 Rd4xd1
27.Ne3xd1 Rf8c8
28.Qe1f1 c4
29.Bg2e4 d5
30.Be4g2 c3
31.Nd1e3 d4
32.Ne3c2 Qd7a4
33.Nc2a1 c2
34.Qf1c1 Be7a3
35.Qc1d2 c1Q
36.Qd2xc1 Rc8xc1
{ resign }
0-1

[Event "Match"]
[Site "www.echecsemail.com"]
[Date "2017.04.11"]
[Round "1"]
[White "Raulazo"]
[Black "Biggles"]
[WhiteElo "1830"]
[BlackElo "2140"]
[Result "0-1"]
[Round "1"]
1.c4 e5
2.e4 Ng8f6
3.Nb1c3 Bf8e7
4.Ng1f3 c6
5.Nf3xe5 d6
6.Ne5f3 O-O
7.d4 Bc8g4
8.h3 Bg4h5
9.g4 Bh5g6
10.Bc1f4 Nf6xe4
11.Bf1d3 d5
12.Bf4xb8 Ra8xb8
13.Qd1e2 Be7b4
14.O-O Bb4xc3
15.bxc3 Ne4xc3
16.Qe2c2 Nc3e4
17.Bd3xe4 Bg6xe4
18.Qc2a4 Be4xf3
19.Qa4xa7 h5
20.Qa7a3 hxg4
21.c5 Qd8h4
22.Qa3xf3 gxf3
23.Kh2 Rf8e8
24.a4 Re8e6
25.Ra1a3 Qh4f4
26.Kh1 Re6h6
{ resign }
0-1

[Event "1/128 Finale"]
[Site "www.chess-mail.com"]
[Date "2017.04.11"]
[Round "1"]
[White "Cjood"]
[Black "Leonger"]
[WhiteElo "1699"]
[BlackElo "2130"]
[Result "0-1"]
[Round "1"]
1.Ng1f3 d5
2.b3 Ng8f6
3.Bc1b2 e6
4.e3 c5
5.c4 Bf8e7
6.Nf3e5 O-O
7.Bf1d3 dxc4
8.Bd3xc4 a6
9.Qd1f3 Qd8c7
10.d4 cxd4
11.exd4 b5
12.Bc4f1 Be7b4
13.Bb2c3 Bc8b7
14.Qf3h3 Nf6d5
15.Bf1d3 Bb4xc3
16.Kd1 g6
17.Nb1xc3 Qc7xc3
18.Ra1c1 Qc3xd4
19.Ne5g4 h5
20.Qh3g3 hxg4
21.h3 Nd5f4
22.Kd2 Nf4xd3
23.Qg3xd3 Qd4xf2
24.Kc3 Rf8c8
25.Kb4 Nb8c6
26.Ka3 b4
27.Ka4 Qf2xa2

0-1

[Event "Eq:Slap Shot Mates-Latinoamerica : "]
[Site "www.chess-mail.com"]
[Date "2017.04.11"]
[Round "1"]
[White "Jpmartinez"]
[Black "Nimzo"]
[WhiteElo "2610"]
[BlackElo "2690"]
[Result "1/2-1/2"]
[Round "1"]
1.c4 e6
2.Nb1c3 d5
3.e3 Ng8f6
4.Ng1f3 Bf8e7
5.b3 O-O
6.Bc1b2 c5
7.cxd5 exd5
8.d4 Nb8c6
9.Bf1e2 cxd4
10.Nf3xd4 Be7c5
11.Nd4xc6 bxc6
12.O-O Bc8d7
13.Nc3a4 Bc5d6
14.Ra1c1 Nf6e4
15.Bb2d4 Rf8e8
16.Na4c5 Qd8h4
{ draw }
1/2-1/2

[Event "Fast Game"]
[Site "www.echecsemail.com"]
[Date "2017.04.11"]
[Round "1"]
[White "Picifarkinca"]
[Black "Attatroll"]
[WhiteElo "1860"]
[BlackElo "1820"]
[Result "1-0"]
[Round "1"]
1.d4 f5
2.e4 fxe4
3.Nb1c3 Ng8f6
4.Bc1g5 d5
5.Bg5xf6 exf6
6.Qd1h5 g6
7.Qh5xd5 Qd8xd5
8.Nc3xd5 Kd8
9.Nd5xf6 Bf8g7
10.Nf6xe4 Bc8f5
11.f3 Nb8c6
12.c3 Nc6e7
13.O-O-O Bg7h6
14.Kb1 c6
15.g4 Bf5d7
16.Bf1c4 Kc7
17.Ng1e2 Rh8f8
18.g5 Bh6g7
19.f4 Bd7f5
20.Ne2g3 Ra8d8
21.Rh1f1 Ne7d5
22.Ng3xf5 Rf8xf5
23.Bc4xd5 Rd8xd5
24.Ne4g3 Rf5f8
25.Rd1e1 Rd5d7
26.f5 Rd7f7
27.f6 Bg7h8
28.Re1e7 Kd8
29.Rf1e1 Bh8xf6
30.gxf6 Rf7xf6
31.Re7xh7 Rf6f2
32.Re1e7 Rf2xh2
33.Re7xb7 Rh2xh7
34.Rb7xh7 Rf8f3
35.Ng3e4 Rf3e3
36.Rh7h8 Kc7
37.Rh8h7 Kb6
38.Rh7h4 Re3e1
39.Kc2 { resign }
1-0

[Event "Tourn. n9228"]
[Site "www.chess-mail.com"]
[Date "2017.04.12"]
[Round "1"]
[White "Albertf"]
[Black "Libiesse"]
[WhiteElo "1770"]
[BlackElo "1830"]
[Result "1-0"]
[Round "1"]
1.d4 d5
2.c4 e6
3.Nb1c3 Ng8f6
4.Ng1f3 Bf8e7
5.e3 O-O
6.Bf1d3 dxc4
7.Bd3xc4 b6
8.O-O Bc8b7
9.Rf1e1 Nb8d7
10.Nf3e5 c5
11.Ne5xd7 Qd8xd7
12.dxc5 Qd7c6
13.f3 Ra8d8
14.Qd1e2 Be7xc5
15.a3 h5
16.b4 Bc5e7
17.Bc1b2 Rd8d6
18.Nc3b5 Rd6d7
19.Nb5xa7 Qc6a4
20.Na7b5 Rf8c8
21.Nb5d4 Rd7c7
22.Bc4b3 Qa4d7
23.Re1d1 Bb7d5
24.Nd4b5 Rc7b7
25.e4 Bd5xb3
26.Rd1xd7 { resign }
1-0

[Event "Tourn. n9231"]
[Site "www.chess-mail.com"]
[Date "2017.04.12"]
[Round "1"]
[White "Falcoale"]
[Black "Roque1"]
[WhiteElo "1940"]
[BlackElo "1860"]
[Result "1-0"]
[Round "1"]
1.e4 c5
2.Ng1f3 e6
3.Bf1c4 Nb8c6
4.c3 Bf8e7
5.O-O Be7f6
6.d3 Ng8e7
7.Bc1e3 d6
8.Rf1e1 O-O
9.Nb1d2 d5
10.exd5 exd5
11.Bc4b3 Bc8g4
12.Be3xc5 Nc6e5
13.d4 Ne5d3
14.Re1e2 Nd3f4
15.Re2e3 b6
16.Bc5a3 Rf8e8
17.h3 Ne7f5
18.Re3xe8 Qd8xe8
19.hxg4 Nf5h6
20.g5 Bf6xg5
21.Nf3xg5 Nf4e2
22.Kf1 Ne2f4
23.Ng5f3 Qe8e6
24.Qd1e1 Qe6g4
25.Qe1e7 Qg4xg2
26.Ke1  { time }
1-0

[Event "Tourn. n9304"]
[Site "www.chess-mail.com"]
[Date "2017.04.12"]
[Round "1"]
[White "Albertf"]
[Black "Cal"]
[WhiteElo "1790"]
[BlackElo "1730"]
[Result "1-0"]
[Round "1"]
1.e4 e5
2.Ng1f3 d6
3.Bf1c4 h6
4.Nb1c3 Ng8f6
5.d4 Bc8g4
6.dxe5 Nf6d7
7.exd6 c6
8.O-O Bg4xf3
9.Qd1xf3 Bf8xd6
10.Qf3xf7 { resign }
1-0

[Event "Tourn. n9269"]
[Site "www.chess-mail.com"]
[Date "2017.04.12"]
[Round "1"]
[White "Pdebonis"]
[Black "Comrade"]
[WhiteElo "2540"]
[BlackElo "2250"]
[Result "1-0"]
[Round "1"]
1.e4 e6
2.Qd1e2 c5
3.g3 Nb8c6
4.Bf1g2 g6
5.c3 Bf8g7
6.f4 Ng8e7
7.Ng1f3 d6
8.O-O O-O
9.Nb1a3 a6
10.Na3c2 f5
11.exf5 Ne7xf5
12.Nf3g5 Rf8e8
13.d3 Bc8d7
14.Qe2f2 b6
15.g4 Nf5h6
16.Qf2h4 Qd8f6
17.Nc2e3 Nc6e7
18.Ne3c4 Bd7c6
19.Nc4xd6 Re8d8
20.Nd6e4 Bc6xe4
21.dxe4 e5
22.fxe5 Qf6c6
23.e6 Rd8f8
24.Rf1f7 Ra8d8
25.Bc1f4 Rf8xf7
26.exf7 { resign }
1-0

[Event "Tourn. n9156"]
[Site "www.chess-mail.com"]
[Date "2017.04.12"]
[Round "1"]
[White "Bronstein70"]
[Black "Giampaolo"]
[WhiteElo "2350"]
[BlackElo "2490"]
[Result "1/2-1/2"]
[Round "1"]
1.e4 e5
2.f4 Bf8c5
3.Ng1f3 d6
4.c3 Bc8g4
5.d4 Bg4xf3
6.gxf3 Qd8h4
7.Ke2 exd4
8.cxd4 Bc5b6
9.Bc1e3 Ng8e7
10.Nb1c3 O-O
11.Qd1e1 Qh4xe1
12.Ra1xe1 Nb8c6
13.d5 Nc6b4
14.Be3xb6 axb6
15.a3 Nb4a6
16.Kf2 Rf8d8
17.Re1d1 Na6c5
18.Rh1g1 Nc5a4
19.Nc3xa4 Ra8xa4
20.f5 Kf8
21.Rg1g5 f6
22.Rg5h5 Kg8
23.Bf1b5 Ra4a5
24.Bb5d3 c6
25.Rh5h4 g6
26.dxc6 bxc6
27.Rd1g1 Kg7
28.f4 Ra5a8
29.Rg1g3 Rd8h8
30.Kf3 b5
31.Bd3c2 c5
32.Kf2 Ne7c6
33.e5 dxe5
34.Bc2e4 Nc6e7
35.fxe5 Ra8a4
36.fxg6 Ne7xg6
37.b4 fxe5
38.Be4xg6 hxg6
39.Rh4xh8 Kxh8
40.bxc5 Ra4c4
{ draw }
1/2-1/2

[Event "Tourn. n9156"]
[Site "www.chess-mail.com"]
[Date "2017.04.12"]
[Round "1"]
[White "Sachpat"]
[Black "Bronstein70"]
[WhiteElo "2590"]
[BlackElo "2350"]
[Result "1-0"]
[Round "1"]
1.e4 e5
2.Ng1f3 Ng8f6
3.Nf3xe5 d6
4.Ne5f3 Nf6xe4
5.d4 d5
6.Bf1d3 Bf8d6
7.O-O O-O
8.c4 c6
9.Rf1e1 Nb8d7
10.Bd3xe4 dxe4
11.Re1xe4 Nd7f6
12.Re4e1 Bc8e6
13.b3 Rf8e8
14.h3 h6
15.Bc1a3 Bd6f4
16.Ba3b2 Qd8a5
17.Nf3e5 Ra8d8
18.Bb2c3 Qa5c7
19.Ne5f3 Be6f5
20.Re1xe8 Rd8xe8
21.Nb1d2 Qc7d6
22.Nf3e5 c5
23.Nd2f3 Nf6e4
24.Bc3b2 Qd6c7
25.Ne5d3 Bf4d6
26.dxc5 Ne4xc5
27.Nd3xc5 Bd6xc5
28.Bb2d4 Bc5b4
29.a3 Bb4f8
30.Qd1d2 Qc7c6
31.Qd2c3 b6
32.b4 Re8e2
33.Ra1c1 Qc6a4
34.c5 Re2a2
35.c6 Ra2xa3
36.Qc3e1 Qa4xb4
37.c7 Qb4xe1
38.Rc1xe1 f6
39.Re1e8 Kf7
40.c8Q Bf5xc8
41.Re8xc8 Bf8d6
42.Kf1 Ra3a2
43.Rc8a8 Ra2a3
44.Ke2 Ke6
45.Bd4e3 Kf7
46.Nf3d4 Bd6c5
47.Nd4b5 Ra3a2
48.Kf3 a5
49.Ra8a7 Kg6
50.Nb5c7 Bc5xe3
51.fxe3 a4
52.Nc7e8 a3
53.e4 h5
54.h4 Ra2a1
55.Ne8xg7 f5
56.exf5 Kf6
57.Ng7xh5 Kxf5
58.g4 Ke6
59.g5 Ra1f1
60.Kg4 Rf1g1
61.Nh5g3 { resign }
1-0

[Event "Tourn. n9272"]
[Site "www.chess-mail.com"]
[Date "2017.04.12"]
[Round "1"]
[White "Odin"]
[Black "Attatroll"]
[WhiteElo "1830"]
[BlackElo "1980"]
[Result "1-0"]
[Round "1"]
1.d4 f5
2.c4 Ng8f6
3.Nb1c3 e6
4.Ng1f3 d5
5.Bc1g5 Bf8e7
6.e3 Nf6e4
7.Bg5xe7 Qd8xe7
8.cxd5 exd5
9.Nc3xd5 Qe7d6
10.Qd1b3 c6
11.Nd5f4 g5
12.Nf4h5 Qd6g6
13.Nf3e5 Qg6xh5
14.Bf1e2 g4
15.f3 Qh5h4
16.g3 Ne4xg3
17.Qb3f7 Kd8
18.hxg3 Qh4xh1
19.Kd2 Qh1xa1
20.Qf7f6 Kc7
21.Qf6g7 Kb6
22.Ne5c4 Ka6
23.d5 b5
24.Qg7xh8 Bc8b7
25.Qh8c3 Bb7c8
26.Qc3a5 Kb7
27.Nc4d6 
1-0

[Event "Tourn. n9315"]
[Site "www.chess-mail.com"]
[Date "2017.04.12"]
[Round "1"]
[White "Balbyns"]
[Black "Jackbauer"]
[WhiteElo "1830"]
[BlackElo "1940"]
[Result "1-0"]
[Round "1"]
1.e4 c5
2.Ng1f3 d6
3.Nb1c3 Ng8f6
4.d4 cxd4
5.Nf3xd4 e5
6.Nd4f3 a6
7.a4 Nb8c6
8.Bf1c4 h6
9.O-O Bf8e7
10.Rf1e1 Qd8c7
11.Nc3d5 Nf6xd5
12.exd5 Nc6d8
13.Bc4b3 O-O
14.Qd1d3 f5
15.Nf3xe5 dxe5
16.d6 { resign }
1-0

[Event "Tourn. n9298"]
[Site "www.chess-mail.com"]
[Date "2017.04.12"]
[Round "1"]
[White "Sorento"]
[Black "Mitja"]
[WhiteElo "1849"]
[BlackElo "1910"]
[Result "1-0"]
[Round "1"]
1.e4 d5
2.exd5 Qd8xd5
3.Nb1c3 Qd5d8
4.d4 e6
5.Ng1f3 c6
6.Bf1c4 h6
7.Qd1e2 Ng8f6
8.Bc1f4 Nb8d7
9.O-O-O Bf8e7
10.h4 Nd7b6
11.Bc4b3 Nf6d5
12.Nc3xd5 Nb6xd5
13.Bf4e5 f6
14.Be5g3 Be7d6
15.c4 Nd5e7
16.Bg3xd6 Qd8xd6
17.Kb1 b6
18.Rh1e1 Bc8d7
19.c5 bxc5
20.dxc5 Qd6xc5
21.Bb3xe6 Bd7xe6
22.Qe2xe6 Ra8d8
23.Nf3d4 Qc5d6
24.Qe6xe7 Qd6xe7
25.Re1xe7 Kxe7
26.Nd4xc6 Ke6
27.Nc6xd8 Ke7
28.Nd8c6 Ke6
29.Nc6xa7 Ke5
30.Na7c6 Kf5
31.b4 { resign }
1-0

[Event "Tourn. n9253"]
[Site "www.chess-mail.com"]
[Date "2017.04.12"]
[Round "1"]
[White "Mihaiiorga"]
[Black "Libiesse"]
[WhiteElo "1789"]
[BlackElo "1810"]
[Result "1-0"]
[Round "1"]
1.d3 d5
2.Ng1f3 e6
3.Nb1d2 Ng8f6
4.e4 dxe4
5.dxe4 Bf8c5
6.Bf1c4 O-O
7.O-O b6
8.e5 Nf6d5
9.Bc4d3 Bc8b7
10.Nd2e4 Bc5e7
11.a3 c5
12.c4 Nd5c7
13.Bc1e3 Nb8c6
14.Qd1c2 Nc7e8
15.Ne4c3 a6
16.Rf1d1 Qd8c7
17.Bd3xh7 Kh8
18.Bh7e4 Ra8d8
19.Rd1xd8 Be7xd8
20.Ra1d1 f5
21.Be4xc6 Bb7xc6
22.Qc2e2 Rf8f7
23.Rd1xd8 Qc7xd8
24.Nf3g5 Rf7e7
25.Qe2h5 Kg8
26.Qh5h7 { resign }
1-0

[Event "Tourn. n9211"]
[Site "www.chess-mail.com"]
[Date "2017.04.12"]
[Round "1"]
[White "Prize640"]
[Black "Tartan"]
[WhiteElo "2350"]
[BlackElo "2400"]
[Result "0-1"]
[Round "1"]
1.e4 e6
2.d4 d5
3.Nb1d2 c5
4.Ng1f3 cxd4
5.Nf3xd4 Nb8c6
6.Bf1b5 Bc8d7
7.Bb5xc6 bxc6
8.exd5 cxd5
9.c4 Qd8b6
10.Nd4f3 Bf8d6
11.cxd5 exd5
12.O-O Ng8e7
13.Nd2b3 O-O
14.h3 Ra8c8
15.Bc1e3 Qb6a6
16.Qd1d4 Bd7b5
17.Rf1e1 Rc8c7
18.Ra1c1 Rf8c8
19.Rc1xc7 Rc8xc7
20.Qd4d2 Qa6a4
21.Be3d4 h6
22.Bd4e5 Bd6xe5
23.Nf3xe5 Qa4xa2
 { time }
0-1

[Event "Match"]
[Site "www.echecsemail.com"]
[Date "2017.04.12"]
[Round "1"]
[White "Pellix84"]
[Black "Raulazo"]
[WhiteElo "2080"]
[BlackElo "1830"]
[Result "1-0"]
[Round "1"]
1.d4 e6
2.c4 c5
3.d5 e5
4.Nb1c3 Ng8f6
5.e4 g6
6.Bf1e2 a6
7.a4 Bf8g7
8.Ng1f3 d6
9.Bc1e3 O-O
10.Nf3d2 Qd8b6
11.b3 Nf6d7
12.O-O Qb6b4
13.Nc3a2 Qb4b6
14.b4 a5
15.bxc5 dxc5
16.Na2c3 Qb6b2
17.Ra1b1 Qb2xc3
18.Rb1b3 Qc3xb3
19.Nd2xb3 b6
20.f4 Nd7f6
21.Be2d3 Bc8g4
22.Qd1d2 Nf6e8
23.f5 Nb8d7
24.h3 Bg4xf5
25.exf5 gxf5
26.Bd3xf5 Nd7f6
27.Be3h6 Bg7xh6
28.Qd2xh6 Ra8d8
29.Nb3d2 Rd8d6
30.Qh6h4 Ne8g7
31.Nd2e4 Ng7xf5
32.Ne4xf6 Rd6xf6
33.Qh4xf6 Nf5g7
34.Qf6xb6 f5
35.Qb6xc5 { resign }
1-0

[Event "Match"]
[Site "www.echecsemail.com"]
[Date "2017.04.12"]
[Round "1"]
[White "Fangshuo"]
[Black "Said1991"]
[WhiteElo "2020"]
[BlackElo "1809"]
[Result "1/2-1/2"]
[Round "1"]
1.e4 c5
2.Ng1f3 Nb8c6
3.Bf1e2 e6
4.O-O d6
5.Nb1c3 Ng8e7
6.d3 h6
7.Bc1f4 Ne7g6
8.Bf4g3 Bf8e7
9.d4 a6
10.dxc5 dxc5
11.Qd1xd8 Be7xd8
12.Bg3d6 Bd8e7
13.Bd6xe7 Kxe7
14.Nc3a4 Nc6d4
15.Nf3xd4 cxd4
16.Na4c5 e5
17.Nc5d3 Bc8e6
18.f4 Be6c4
19.fxe5 Ng6xe5
20.Nd3xe5 Bc4xe2
21.Rf1xf7 Ke6
22.Rf7f5 Rh8f8
23.Rf5xf8 Ra8xf8
24.Ne5d3 Rf8f7
25.Ra1e1 Be2h5
26.g3 g5
27.Re1f1 Rf7c7
28.Rf1f2 Bh5d1
29.Nd3b4 a5
{ draw }
1/2-1/2

[Event "Match"]
[Site "www.echecsemail.com"]
[Date "2017.04.12"]
[Round "1"]
[White "Said1991"]
[Black "Chapi"]
[WhiteElo "1809"]
[BlackElo "2110"]
[Result "1-0"]
[Round "1"]
1.e4 c5
2.d3 Nb8c6
3.f4 d6
4.Ng1f3 g6
5.c3 Bf8g7
6.Bf1e2 Ng8f6
7.O-O O-O
8.h3 b5
9.Bc1e3 Bc8b7
10.Nb1d2 a5
11.a4 b4
12.e5 Nf6h5
13.Qd1e1 Bg7h6
14.Qe1h4 dxe5
15.g4 Nh5xf4
16.Qh4xh6 Nf4xe2
17.Kf2 Qd8xd3
18.Nf3g5 { resign }
1-0

[Event "Match"]
[Site "www.echecsemail.com"]
[Date "2017.04.12"]
[Round "1"]
[White "Cjood"]
[Black "Guidom"]
[WhiteElo "1699"]
[BlackElo "2010"]
[Result "0-1"]
[Round "1"]
1.b3 d5
2.f4 c5
3.d4 e6
4.Bc1a3 Qd8a5
5.c3 Nb8c6
6.dxc5 Ng8f6
7.b4 Qa5d8
8.b5 Nc6a5
9.e3 Bc8d7
10.Ng1f3 Na5c4
11.Bf1xc4 dxc4
12.Qd1a4 Nf6d5
13.Ke2 Qd8c7
14.Qa4xc4 Bf8e7
15.Nf3e5 O-O
16.Ne5xd7 Qc7xd7
17.Rh1f1 Ra8c8
18.e4 Nd5b6
19.Qc4d4 Qd7xb5
20.Ke1 Be7xc5
21.Qd4e5 Nb6c4
22.Qe5h5 g6
23.Qh5g5 f6
24.Qg5g4 f5
25.Qg4f3 Nc4xa3
26.Nb1xa3 Bc5xa3
27.Ra1d1 Rc8xc3
28.Qf3e2 Qb5c5
29.Rf1f3 Rc3xf3
30.gxf3 Qc5g1
31.Kd2 Rf8d8
32.Kc2 Qg1c5
33.Kb1 Qc5b4
{ resign }
0-1

[Event "Match"]
[Site "www.echecsemail.com"]
[Date "2017.04.12"]
[Round "1"]
[White "Chapi"]
[Black "Cjood"]
[WhiteElo "2110"]
[BlackElo "1699"]
[Result "0-1"]
[Round "1"]
1.d4 g6
2.Ng1f3 d5
3.Nb1c3 Bf8g7
4.Bc1g5 Nb8c6
5.g3 Ng8f6
6.Bf1g2 Nf6e4
7.e3 Bc8g4
8.Qd1d3 Bg4xf3
9.Bg2xf3 Ne4xg5
10.Bf3xd5 Qd8d6
11.O-O-O Nc6b4
12.Qd3b5 c6
13.Bd5xf7 Ng5xf7
14.Qb5xb7 O-O
15.a3 Rf8b8
16.Nc3e4 Qd6d8
17.Qb7xb4 Rb8xb4
18.axb4 Qd8d5
19.Ne4c5 a5
20.bxa5 Ra8xa5
21.b3 Nf7d6
22.Rh1f1 Qd5f3
23.h4 Qf3e2
24.Kb2 Ra5xc5
{ resign }
0-1

[Event "Match"]
[Site "www.echecsemail.com"]
[Date "2017.04.12"]
[Round "1"]
[White "Fatmike02"]
[Black "Paco"]
[WhiteElo "1749"]
[BlackElo "1910"]
[Result "1-0"]
[Round "1"]
1.e4 e5
2.Ng1f3 Nb8c6
3.Bf1c4 Ng8f6
4.Nf3g5 d5
5.exd5 Nf6xd5
6.Ng5xf7 Kxf7
7.Qd1f3 Ke8
8.Bc4xd5 Qd8f6
9.Bd5xc6 Qf6xc6
10.Qf3xc6 bxc6
11.O-O Bc8a6
12.d3 Bf8c5
13.Nb1c3 h5
14.Bc1e3 Bc5d6
15.Nc3e4 Ra8b8
16.b3 h4
17.Ne4xd6 cxd6
18.Be3xa7 Rb8b7
19.Ba7e3 d5
20.c4 d4
21.Be3d2 h3
22.g3 Rb7f7
23.f4 exf4
24.Rf1xf4 Rf7e7
25.Rf4xd4 c5
26.Rd4e4 Ba6b7
27.Re4xe7 Kxe7
28.b4 Rh8f8
29.bxc5 Kd7
30.Ra1f1 Rf8g8
31.Rf1f4 g5
32.Rf4f2 g4
33.a4 Rg8d8
34.Bd2g5 Rd8c8
35.d4 Rc8a8
36.d5 Ra8xa4
37.c6 Bb7xc6
38.dxc6 Kxc6
39.Rf2c2 Kc5
40.Kf2 Kd4
41.c5 Kd3
42.Rc2d2 Ke4
43.Bg5e7 Ra4a7
44.Be7d6 Ra7f7
45.Ke2 Rf7f3
46.Bd6f4 Rf3c3
47.Bf4d6 Rc3e3
48.Kd1 Kf3
49.Kc2 Ke4
50.c6 Kf5
51.c7 Re3e8
52.Kc3 Ke6
53.Rd2e2 Kd7
54.Re2xe8 { resign }
1-0

[Event "Match"]
[Site "www.echecsemail.com"]
[Date "2017.04.12"]
[Round "1"]
[White "Norwich"]
[Black "Curtis73"]
[WhiteElo "1720"]
[BlackElo "1719"]
[Result "0-1"]
[Round "1"]
1.e4 d5
2.exd5 Qd8xd5
3.Nb1c3 Qd5a5
4.d4 Ng8f6
5.Bf1c4 Bc8g4
6.Ng1e2 e6
7.O-O c6
8.f3 Bg4f5
9.Ne2g3 Bf5g6
10.Ng3e4 Nb8d7
11.Ne4xf6 gxf6
12.Qd1e2 O-O-O
13.Bc1d2 Qa5c7
14.Nc3e4 Nd7b6
15.Bc4b3 Bf8e7
16.a4 f5
17.Ne4c5 Be7f6
18.c3 Nb6d5
19.Bb3xd5 exd5
20.Qe2d1 Bf6e7
21.b4 Be7d6
22.f4 Rh8e8
23.Qd1f3 Re8e4
24.g3 Bd6xc5
25.bxc5 Rd8e8
26.Rf1e1 f6
27.Re1xe4 fxe4
28.Qf3f2 e3
 { time }
0-1

[Event "Match"]
[Site "www.echecsemail.com"]
[Date "2017.04.12"]
[Round "1"]
[White "Luzhin"]
[Black "Comrade"]
[WhiteElo "2260"]
[BlackElo "2240"]
[Result "1-0"]
[Round "1"]
1.d4 d5
2.Bc1f4 Ng8f6
3.Ng1f3 e6
4.e3 Bf8d6
5.Bf1d3 Bd6xf4
6.exf4 Nb8c6
7.c3 O-O
8.O-O a6
9.Nf3e5 Nf6d7
10.Nb1d2 f6
11.Ne5xc6 bxc6
12.Rf1e1 Rf8e8
13.Qd1h5 g6
14.Bd3xg6 hxg6
15.Qh5xg6 Kf8
16.Re1e3 Qd8e7
17.Re3g3 Qe7f7
18.Qg6h6 Ke7
19.Rg3g7 Re8f8
20.Ra1e1 Bc8b7
21.f5 { resign }
1-0

[Event "Match"]
[Site "www.echecsemail.com"]
[Date "2017.04.12"]
[Round "1"]
[White "Pellix84"]
[Black "Cjood"]
[WhiteElo "2060"]
[BlackElo "1699"]
[Result "1-0"]
[Round "1"]
1.d4 g6
2.e4 c5
3.Ng1f3 Bf8g7
4.Bc1e3 cxd4
5.Be3xd4 Bg7xd4
6.Qd1xd4 Ng8f6
7.e5 Nf6g8
8.e6 f6
9.Bf1b5 Nb8c6
10.Qd4c4 Nc6a5
11.Qc4a4 Na5c6
12.Nb1c3 dxe6
13.Ra1d1 Bc8d7
14.Nf3d4 Qd8b6
15.O-O O-O-O
16.Qa4c4 e5
17.Nd4e6 Bd7xe6
18.Qc4xe6 Kb8
19.Bb5xc6 Rd8xd1
20.Rf1xd1 bxc6
21.Qe6f7 Kb7
22.Qf7g7 Qb6xb2
23.Rd1b1 Qb2xb1
24.Nc3xb1 { resign }
1-0

[Event "Match"]
[Site "www.echecsemail.com"]
[Date "2017.04.12"]
[Round "1"]
[White "Enpassant"]
[Black "Sonny1000"]
[WhiteElo "1299"]
[BlackElo "1320"]
[Result "1-0"]
[Round "1"]
1.e4 e5
2.Ng1f3 f6
3.Bf1c4 d5
4.Bc4xd5 Ng8e7
5.Bd5c4 a6
6.Nb1c3 b5
7.Bc4b3 Ne7g6
8.d4 h5
9.dxe5 fxe5
10.Qd1xd8 Kxd8
11.Bc1g5 Bf8e7
12.O-O-O Bc8d7
13.Bb3f7 Ng6f4
14.Bg5xe7 Kxe7
15.Nf3xe5 Rh8f8
16.Ne5xd7 Nb8xd7
17.Bf7b3 Nf4xg2
18.Nc3d5 Ke6
19.Nd5xc7 Ke5
20.Nc7xa8 Rf8xa8
21.Rd1xd7 Kxe4
22.Rd7xg7 Kf3
23.Bb3d5 Kf4
24.Bd5xa8 Ke5
25.Ba8xg2 b4
26.Rg7g5 Kf6
27.Rg5xh5 a5
28.Rh5xa5 Ke7
29.Rh1e1 Kd6
30.Re1e5 Kd7
31.Ra5a6 Kc7
32.Re5e7 Kd8
33.Re7h7 Ke8
34.Ra6a8 { resign }
1-0

[Event "1/64 Finale"]
[Site "www.chess-mail.com"]
[Date "2017.04.12"]
[Round "1"]
[White "Pwain"]
[Black "Bevittsmith"]
[WhiteElo "2400"]
[BlackElo "2270"]
[Result "1-0"]
[Round "1"]
1.e4 e6
2.d4 d5
3.Nb1c3 Bf8b4
4.e5 c5
5.a3 Bb4xc3
6.bxc3 Ng8e7
7.Qd1g4 Qd8c7
8.Qg4xg7 Rh8g8
9.Qg7xh7 cxd4
10.Ng1e2 Nb8c6
11.f4 Bc8d7
12.Qh7d3 dxc3
13.h4 Ne7f5
14.h5 O-O-O
15.Qd3xc3 Qc7b6
16.Qc3b2 Qb6xb2
17.Bc1xb2 Nf5e3
18.Kf2 Ne3xf1
19.Ra1xf1 Rg8g4
20.h6 Rd8h8
21.Rh1h2 Nc6a5
22.Kf3 Rg4g6
23.Rf1h1 Na5c4
24.Bb2c1 f6
25.exf6 Rg6xf6
26.g4 Nc4e5
27.Kg3 Ne5f7
28.Bc1b2 e5
29.fxe5 Rf6xh6
30.e6 Rh6xh2
31.exd7 { resign }
1-0

[Event "1/64 Finale"]
[Site "www.chess-mail.com"]
[Date "2017.04.12"]
[Round "1"]
[White "Mitja"]
[Black "Claudia"]
[WhiteElo "1950"]
[BlackElo "2180"]
[Result "0-1"]
[Round "1"]
1.d4 d5
2.e3 e6
3.Ng1f3 Ng8f6
4.a3 c5
5.dxc5 Bf8xc5
6.Bf1e2 O-O
7.b4 Bc5e7
8.Bc1b2 a6
9.O-O b5
10.Nb1d2 Bc8b7
11.Nd2b3 Nb8d7
12.Qd1d3 Nd7b6
13.Nb3a5 Qd8c7
14.Na5xb7 Qc7xb7
15.Nf3g5 h6
16.Bb2xf6 hxg5
17.Bf6xe7 Qb7xe7
18.g3 Nb6c4
19.Qd3d4 Rf8d8
20.Be2xc4 dxc4
21.Qd4e4 Ra8c8
22.c3 Rd8d3
23.Ra1c1 f5
24.Qe4f3 g6
25.Qf3e2 Qe7f6
26.Qe2c2 Rc8d8
27.Rf1e1 Rd3d2
28.Qc2b1 Rd8d3
29.Qb1a1 f4
30.exf4 gxf4
31.Re1d1 fxg3
32.Rd1xd2 Rd3xd2
33.Rc1f1 gxf2
34.Kh1 Qf6f3
{ resign }
0-1

[Event "Fast Game"]
[Site "www.echecsemail.com"]
[Date "2017.04.12"]
[Round "1"]
[White "Sachpat"]
[Black "Danquigley"]
[WhiteElo "2099"]
[BlackElo "2139"]
[Result "1-0"]
[Round "1"]
1.e4 c5
2.Ng1f3 a6
3.c3 e6
4.d4 d5
5.e5 Nb8c6
6.Bf1d3 Ng8e7
7.O-O Ne7f5
8.dxc5 Bf8xc5
9.Nb1d2 O-O
10.Nd2b3 Bc5a7
11.Bc1f4 h6
12.Rf1e1 Nc6e7
13.Qd1d2 Ne7g6
14.Bd3xf5 Ng6xf4
15.Qd2xf4 exf5
16.Nb3d4 g5
17.Qf4d2 Rf8e8
18.h4 g4
19.Qd2xh6 gxf3
20.gxf3 Qd8b6
21.e6 { resign }
1-0

[Event "Tourn. n9240"]
[Site "www.chess-mail.com"]
[Date "2017.04.13"]
[Round "1"]
[White "Ozana"]
[Black "Actmy"]
[WhiteElo "2450"]
[BlackElo "2330"]
[Result "0-1"]
[Round "1"]
1.f4 d5
2.Ng1f3 c5
3.c4 Ng8f6
4.cxd5 Nf6xd5
5.Nb1c3 Nb8c6
6.e3 g6
7.Qd1b3 e6
8.Bf1b5 Bf8g7
9.Qb3c4 O-O
10.O-O Qd8a5
11.Qc4a4 Qa5b6
12.a3 Rf8d8
13.Bb5e2 Qb6c7
14.Nc3b5 Qc7e7
15.Nb5c3 Nd5b6
16.Qa4c2 e5
17.Nf3xe5 Nc6xe5
18.fxe5 Bg7xe5
 { time }
0-1

[Event "Tourn. n9293"]
[Site "www.chess-mail.com"]
[Date "2017.04.13"]
[Round "1"]
[White "Sorento"]
[Black "Balbyns"]
[WhiteElo "1849"]
[BlackElo "1830"]
[Result "1-0"]
[Round "1"]
1.Ng1f3 Nb8c6
2.e4 e5
3.Bf1c4 Bf8c5
4.d3 h6
5.c3 Ng8f6
6.O-O d6
7.h3 O-O
8.Rf1e1 a6
9.b4 Bc5a7
10.a4 Bc8e6
11.Qd1b3 Qd8d7
12.Bc4xe6 fxe6
13.Bc1e3 Ba7xe3
14.Re1xe3 Nf6h5
15.Nb1d2 Nh5f4
16.Kh2 Qd7f7
17.g3 Nf4g6
18.Kg2 Ra8b8
19.b5 axb5
20.axb5 Nc6e7
21.Qb3c2 Rb8a8
22.Re3e1 d5
23.Ra1xa8 Rf8xa8
24.c4 Ne7c8
25.exd5 exd5
26.Nf3xe5 Ng6xe5
27.Re1xe5 dxc4
28.dxc4 Nc8d6
29.Qc2d3 Ra8a2
30.c5 Nd6xb5
31.Re5d5 Ra2a8
32.Rd5d7 Qf7e8
33.Qd3xb5 Ra8d8
34.Rd7xd8 Qe8xd8
35.Nd2f3 Qd8d5
36.Qb5e8 Kh7
37.Qe8e5 Qd5c6
38.Qe5f5 Kh8
39.Kg1 b5
40.Nf3d4 Qc6e8
41.Nd4e6 c6
42.Qf5e5 Qe8d7
43.Qe5b8 { resign }
1-0

[Event "Tourn. n9306"]
[Site "www.chess-mail.com"]
[Date "2017.04.13"]
[Round "1"]
[White "Hansen"]
[Black "Azulmarino"]
[WhiteElo "1610"]
[BlackElo "1530"]
[Result "1-0"]
[Round "1"]
1.e4 d5
2.exd5 Qd8xd5
3.Nb1c3 Qd5d4
4.Ng1e2 Qd4f6
5.Nc3e4 Qf6f5
6.Ne2g3 Qf5f4
7.d3 Qf4e5
8.d4 Qe5a5
9.Bc1d2 Qa5b6
10.Bd2c3 Ng8f6
11.Qd1f3 Bc8g4
12.Qf3f4 Qb6e6
13.Bf1d3 Nf6d5
14.Bd3c4 Nd5xf4
15.Bc4xe6 Nf4xe6
16.f3 Ne6f4
17.fxg4 Nf4xg2
18.Kf2 Ng2f4
19.Rh1f1 Nf4h3
20.Ke1 Nh3f4
21.Rf1xf4 g6
22.d5 Bf8h6
23.g5 Bh6f8
24.Bc3xh8 Nb8d7
25.Ra1d1 e6
26.dxe6 fxe6
27.Ne4f6 Kd8
28.Rd1xd7 Kc8
29.Rf4d4 Bf8d6
30.Ng3e4 b6
31.Rd4c4 Kb7
32.Ne4xd6 Ka6
33.Rc4a4 { resign }
1-0

[Event "Tourn. n9305"]
[Site "www.chess-mail.com"]
[Date "2017.04.13"]
[Round "1"]
[White "Sorento"]
[Black "Attatroll"]
[WhiteElo "1869"]
[BlackElo "1970"]
[Result "1-0"]
[Round "1"]
1.e4 d6
2.d4 Ng8f6
3.Nb1c3 g6
4.f4 Bf8g7
5.Ng1f3 c5
6.Bc1e3 cxd4
7.Nf3xd4 O-O
8.Qd1d2 Nb8c6
9.O-O-O Nf6g4
10.Be3g1 e5
11.Nd4xc6 bxc6
12.h3 Ng4h6
13.fxe5 Bc8b7
14.Bg1e3 Qd8h4
15.Be3g5 Qh4g3
16.Bg5f4 Qg3h4
17.g3 Qh4d8
18.Bf4xh6 dxe5
19.Bh6xg7 Kxg7
20.Bf1c4 Qd8xd2
21.Rd1xd2 f5
22.Rd2d7 Kh6
23.Rd7xb7 { resign }
1-0